O Brasil indígena 2º ano (Record no. 76248)

MARC details
000 -LÍDER
campo de controle de tamanho fixo 00327 a2200145 4500
001 - NÚMERO DE CONTROLE
campo de controle 76248
020 ## - ISBN - INTERNATIONAL STANDARD BOOK NUMBER
ISBN - International Standard Book Number 978-85-7951-053-3
040 ## - FONTE DA CATALOGAÇÃO
Instituição que transcreveu o registro Anchieta - Colégio São Paulo
240 10 - TÍTULO UNIFORME
Título uniforme O Brasil indígena 2º ano
Idioma da obra por
245 10 - TÍTULO
Título O Brasil indígena 2º ano
300 ## - DESCRIÇÃO FÍSICA
Extensão 48
362 0# - DATAS DE PUBLICAÇÃO E/OU DESIGNAÇÃO SEQUENCIAL
Datas de publicação e/ou designação sequencial 2011
650 #4 - ASSUNTO--TERMO TÓPICO
Cabeçalho tópico ou nome geográfico Brasil
942 ## - ELEMENTOS DE ENTRADA ADICIONADOS (KOHA)
Tipo de material Koha Livros
Holdings
Situação do descarte Situação das perdas Situação física Não pode ser emprestado Biblioteca de origem Biblioteca atual Data de aquisição Total de empréstimos Número de chamada completo Código de barras Data de último acesso Data do preço efetivo Tipo de material Koha
        Colégio São Paulo Colégio São Paulo 22/11/2023   981 B823 8602/CSP 22/11/2023 22/11/2023 Livros